Atlas interactivo de la degradación de tierras por desertificación en Colombia / (Registro nro. 7030)
[ vista simple ]
| 000 -CABECERA | |
|---|---|
| Campo de control | 00986 am a2200241 a 4500 |
| 005 - FECHA Y HORA DE LA ULTIMA TRANSACCION | |
| Campo de control | 20160128120116.0 |
| 008 - ELEMENTOS DE LONGITUD FIJA—INFORMACION GENERAL | |
| Campo de control | 100823s2005 ck a r 000 0 spa |
| 020 ## - ISBN | |
| ISBN | 9588067154 |
| 040 ## - FUENTE DE CATALOGACIÓN | |
| Agencia catalogadora original | CO-BoFUB |
| Agencia transcriptora | CO-BoIAVH |
| Agencia Modificadora | CO-BoIAVH |
| 041 0# - IDIOMA | |
| Código de idioma para texto/pista de sonido o título separado | Español |
| 044 ## - PAÍS DE PUBLICACIÓN | |
| País de publicación | Colombia |
| 082 04 - NUMERO DE CLASIFICACION DECIMAL DEWEY | |
| Número de clasificación | 333.736 |
| Número del ítem | I19a |
| 110 2# - ASIENTO PRINCIPAL--NOMBRE CORPORATIVO | |
| Nombre corporativo o de jurisdicción como elemento de entrada | Instituto de Hidrología, Meteorología y Estudios Ambientales (Colombia) |
| 9 (RLIN) | 39373 |
| 245 10 - MENCION DE TITULO | |
| Título | Atlas interactivo de la degradación de tierras por desertificación en Colombia / |
| Mención de responsabilidad | Ideam ; Ministerio de Medio Ambiente, Vivienda y Desarrollo Territorial. |
| 260 ## - PUBLICACION, DISTRIBUCION, ETC. (PIE DE IMPRENTA) | |
| Lugar de publicación, distribución, etc. | Bogotá : |
| Nombre del editor, distribuidor, etc. | Instituto de Hidrología, Meteorología y Estudios Ambientales, |
| Fecha de publicación, distribución, etc. | 2005. |
| 300 ## - DESCRIPCION FISICA | |
| Extensión | 28 páginas : |
| Otros detalles físicos | ilustraciones, mapas ; |
| Dimensiones | 28 x 21 cm. + |
| Material acompañante | 1 CD-ROM. |
| 504 ## - NOTA DE BIBLIOGRAFIA, ETC. | |
| Nota de bibliografía | Incluye bibliografía. |
| 650 #6 - ASIENTO SECUNDARIO DE MATERIA - TERMINO TEMATICO | |
| Término temático o nombre geográfico como elemento de entrada | Degradación del suelo |
| Subdivisión geográfica | Colombia |
| 9 (RLIN) | 55195 |
| 650 #6 - ASIENTO SECUNDARIO DE MATERIA - TERMINO TEMATICO | |
| Término temático o nombre geográfico como elemento de entrada | Degradación del suelo |
| 9 (RLIN) | 3614 |
| 650 #6 - ASIENTO SECUNDARIO DE MATERIA - TERMINO TEMATICO | |
| Término temático o nombre geográfico como elemento de entrada | Desertificación |
| Subdivisión geográfica | Colombia |
| 9 (RLIN) | 55196 |
| 650 #6 - ASIENTO SECUNDARIO DE MATERIA - TERMINO TEMATICO | |
| Término temático o nombre geográfico como elemento de entrada | Desiertos |
| Subdivisión geográfica | Colombia |
| 9 (RLIN) | 55197 |
| 942 ## - ELEMENTOS ADICIONALES (KOHA) | |
| Sistema de clasificación | Dewey Decimal Classification |
| Tipo de ítem | Libro |
| Withdrawn status | Lost status | Sistema de Clasificación | Damaged status | No para préstamo | Colección | Inventariado | Ubicación Permanente | Ubicación actual | Fecha de adquisición | Fuente de Valor | Valor | Total Checkouts | Número topográfico | Inventario / Código de Barras | Date last seen | Ejemplar | Price effective from | Tipo de material | Public note |
|---|---|---|---|---|---|---|---|---|---|---|---|---|---|---|---|---|---|---|---|
| Dewey Decimal Classification | General | Inventariado 2017 | Bogotá | Bogotá | 24/07/2009 | Instituto | 40000.00 | LB-333.736 I19a | 027244 | 04/12/2012 | Ej.1 | 04/12/2012 | Libro | Incluye CD-ROM con atlas interactivo (CID-027245). |